Implementing new powers for private sector housing renewal (Record no. 104915)

MARC details
000 -LEADER
fixed length control field 01529cam a2200241 4500
001 - CONTROL NUMBER
control field ##L131944
008 - FIXED-LENGTH DATA ELEMENTS--GENERAL INFORMATION
fixed length control field 110911n2005 000 0 eng u
020 ## - INTERNATIONAL STANDARD BOOK NUMBER
International Standard Book Number 1859354289
035 ## - SYSTEM CONTROL NUMBER
System control number (Sirsi) u131944
041 0# - LANGUAGE CODE
Language code of text/sound track or separate title eng
050 04 - LIBRARY OF CONGRESS CALL NUMBER
Classification number 306.1 $2 18
100 1# - MAIN ENTRY--PERSONAL NAME
Personal name Groves, Rick
245 00 - TITLE STATEMENT
Title Implementing new powers for private sector housing renewal
260 ## - PUBLICATION, DISTRIBUTION, ETC.
Place of publication, distribution, etc. London
Name of publisher, distributor, etc. Joseph Rowntree Foundation
Date of publication, distribution, etc. 2005
520 ## - SUMMARY, ETC.
Summary, etc. The Regulatory Reform (Housing Assistance) (England and Wales) Order 2002 was the first in a series of measures culminating in the Housing Act 2004 that have radically changed the way in which government seeks to encourage private sector home improvement in England and Wales. This study monitors the development and implementation of new private sector housing renewal strategies and identifies and disseminates good practice for the benefit of other local authorities and partner agencies. It finds a contrast between the optimistic and ambitious expectations of the government's new measures and the serious lack of capacity and resources within local authorities to deliver effective local private sector housing renewal.
590 ## - LOCAL NOTE (RLIN)
Local note IKA030106
650 24 - SUBJECT ADDED ENTRY--TOPICAL TERM
Topical term or geographic name entry element HOUSING ACT 2004
650 24 - SUBJECT ADDED ENTRY--TOPICAL TERM
Topical term or geographic name entry element REGULATORY REFORM (HOUSING ASSISTANCE) (ENGLAND AND WALES) ORDER 2002
690 ## - LOCAL SUBJECT ADDED ENTRY--TOPICAL TERM (OCLC, RLIN)
Topical term or geographic name as entry element PROPERTY-RESIDENTIAL PROPERTY-RESIDENTIAL PROPERTY DEVELOPMENT
700 1# - ADDED ENTRY--PERSONAL NAME
Personal name Sankey, Sian
856 40 - ELECTRONIC LOCATION AND ACCESS
Uniform Resource Identifier <a href="https://www.jrf.org.uk/sites/files/jrf/1859354289.pdf">https://www.jrf.org.uk/sites/files/jrf/1859354289.pdf</a>
Public note View the study free of charge at www.jrf.org
942 ## - ADDED ENTRY ELEMENTS (KOHA)
Suppress in OPAC 0
Holdings
Withdrawn status Lost status Source of classification or shelving scheme Damaged status Not for loan Home library Current library Shelving location Date acquired Total Checkouts Full call number Barcode Date last seen Copy number Price effective from Koha item type
    Dewey Decimal Classification     Virtual Virtual Online 19/12/2005   ONLINE PUBLICATION 131944-2001 06/08/2019 1 06/08/2019 Book